1510 1593 1556 1316 1331 1025 1254 1385 1498 1569 1117 1995 1688 1197 1558 1336 1652 1796 1988 1035 1065 1401 1654 1308 1717 1978 1642 1344 1480 1745 1872 1104 1010 1731 1010 1316 1827 1396 1504 1631 1582 1056 1581 1555 1942 1098 1380 1336 1102 1387 1833 1189 1422 1138 1289 1146 1379 1095 1603 1021 1949 1358 1322 1719 1762 1538 1811 1253 1312 1157 1162 1472 1507 1501 1217 1655 1642 1495 1709 1388 1321 1064 1653 1363 1711 1566 1825 1413 1606 1442 1437 1990 1111 1042 1700 1290 1357 1151 1673 BCNSPRNW ULIB Ver.6.0+V

เปลี่ยนเป็นภาษาไทย

Change to English
 แสดงรายละเอียดบรรณานุกรม
  กลับหน้าหลัก

Brief Record : Get Marc (ISO 2709) : E-mail record : QR code < ปิดหน้าต่าง
LEADER : 00000nam 2200000uu 4500
001    13399108205
003     ULIB
008    110221s2544||||th 000 0 tha d
020    9748861899
060 04 WY159^bก425ห 2544
100 0  กาญจนา ศิริเจริญวงศ์
245 10 หนังสือทางการพยาบาลการใช้นิทานในการเตรียมจิตใจเด็กเพื่อทำหัตถการ /^cกาญจนา ศิริเจริญวงศ์
246 30 การใช้นิทานในการเตรียมจิตใจเด็กเพื่อทำหัตถการ
250    พิมพ์ครั้งที่ 1
260    กรุงเทพฯ :^bบุญศิริการพิมพ์,^c2544
300    98 หน้า :^bภาพประกอบ ;^c27 ซม.
650  7 การพยาบาลกุมารเวชศาสตร์
650  7 การเล่านิทาน
945    ^p140^l0^i017538
945    ^p140^l0^i016560
945    ^p140^l0^i016559
945    ^p140^l0^i016558
945    ^p140^l0^i016557
945    ^p140^l0^i015762
945    ^p140^l0^i015362
945    ^p140^l0^i016561
945    ^p140^l0^i018280
995    เกษร
999 ^a ใช้งานได้ทุกระบบ
รายการนี้ยังไม่มีแท็ก
คุณยังไม่ได้ล็อกอิน คุณสามารถมีกิจกรรมร่วมกับเว็บไซต์ได้ แต่ต้องล็อกอินก่อน ::
  ล็อกอิน

รายการสื่อสารสนเทศ

ลำดับที่ ประเภท เลขเรียก/บาร์โค้ด สถานที่ สถานะ
- ไม่พบข้อมูล -

รายการใกล้เคียง
    หัวเรื่อง [การพยาบาลกุมารเวชศาสตร์]
    หัวเรื่อง [การเล่านิทาน]

BibComment


ยังไม่เคยถูกคอมเมนท์

คอมเมนท์ทรัพยากรรายการนี้
  คอมเมนท์: หนังสือทางการพยาบ..


 Copyright 2026. Bcnsprnw @Library